Finnish railway staions - Statistics

General Stats
  • This quiz has been taken 37 times
  • The average score is 39 of 201
Answer Stats
Answer % Correct
Helsinki
88%
Turku
88%
Oulu
84%
Vaasa
75%
Rovaniemi
72%
Tampere
72%
Espoo
66%
Jyväskylä
66%
Lahti
63%
Pasila
63%
Seinäjoki
63%
Joensuu
59%
Kemi
59%
Kouvola
59%
Pori
59%
Kuopio
56%
Hämeenlinna
53%
Kera
53%
Tikkurila
53%
Kokkola
50%
Mikkeli
50%
Kajaani
47%
Kirkkonummi
47%
Kotka
47%
Lempäälä
47%
Riihimäki
47%
Salo
47%
Hanko
44%
Kempele
44%
Imatra
41%
Kerava
41%
Lappeenranta
41%
Hyvinkää
38%
Kupittaa
38%
Leppävaara
38%
Kemijärvi
34%
Kilo
34%
Järvenpää
31%
Kauniainen
31%
Kolari
31%
Parkano
31%
Toijala
31%
Iisalmi
28%
Karjaa
28%
Kauhava
28%
Mäntsälä
28%
Nokia
28%
Rauma
28%
Ylivieska
28%
Aviapolis
25%
Henna
25%
Inkoo
25%
Keuruu
25%
Malmi
25%
Muhos
25%
Orivesi
25%
Oulainen
25%
Savonlinna
25%
Siilinjärvi
25%
Tervola
25%
Hiekkaharju
22%
Käpylä
22%
Loimaa
22%
Myyrmäki
22%
Pello
22%
Pieksämäki
22%
Siuntio
22%
Huopalahti
19%
Jämsä
19%
Jokela
19%
Kauklahti
19%
Korso
19%
Valimo
19%
Varkaus
19%
Ylitornio
19%
Eno
16%
Hanko Pohjoinen
16%
Humppila
16%
Iittala
16%
Ilmala
16%
Kannelmäki
16%
Kannus
16%
Kivistö
16%
Koivukylä
16%
Oulunkylä
16%
Parikkala
16%
Pitäjänmäki
16%
Pukinmäki
16%
Tuomarila
16%
Turku Satama
16%
Vaala
16%
Viiala
16%
Ainola
13%
Alavus
13%
Haapajärvi
13%
Leinelä
13%
Lentoasema
13%
Lieksa
13%
Mäkkylä
13%
Martinlaakso
13%
Masala
13%
Muurola
13%
Nivala
13%
Nurmes
13%
Parola
13%
Puistola
13%
Rekola
13%
Saunakallio
13%
Utajärvi
13%
Dragsvik
9%
Haapamäki
9%
Härmä
9%
Jorvas
9%
Kiuruvesi
9%
Koivuhovi
9%
Kontiomäki
9%
Malminkartano
9%
Nastola
9%
Paltamo
9%
Pohjois-Haaga
9%
Ruukki
9%
Savio
9%
Tapanila
9%
Tervajoki
9%
Tornio Itäinen
9%
Turenki
9%
Vantaankoski
9%
Vihanti
9%
Ähtäri
6%
Harjavalta
6%
Kotkan Satama
6%
Lapinlahti
6%
Mäntyharju
6%
Oitti
6%
Punkaharju
6%
Simpele
6%
Sukeva
6%
Uusikylä
6%
Vainikkala
6%
Vehkala
6%
Viinijärvi
6%
Hankasalmi
3%
Heinävesi
3%
Hikiä
3%
Höljäkkä
3%
Järvelä
3%
Juupajoki
3%
Kausala
3%
Kitee
3%
Kohtavaara
3%
Kokemäki
3%
Koria
3%
Kymi
3%
Misi
3%
Mommila
3%
Orivesi Keskusta
3%
Petäjävesi
3%
Pyhäsalmi
3%
Ryttylä
3%
Skogby
3%
Tuuri
3%
Valtimo
3%
Vammala
3%
Vilppula
3%
Eläinpuisto Zoo
0%
Herrala
0%
Hillosensalmi
0%
Inkeroinen
0%
Juotseno
0%
Karkku
0%
Kerimäki
0%
Kesälahti
0%
Kolho
0%
Kouvula
0%
Kylänlahti
0%
Kyminlinna
0%
Lapio
0%
Lappila
0%
Lappohja
0%
Luohela
0%
Lusto
0%
Myllykoski
0%
Myllymäki
0%
Pääskylahti
0%
Paimenportti
0%
Pasila Autojuna-asema
0%
Pietasaari Pedersöre
0%
Pihlajavesi
0%
Retretti
0%
Runni
0%
Santala
0%
Tavastila
0%
Uimaharju
0%
Vihtari
0%
Villähde
0%
Vuonislahti
0%
No matching quizzes found
Score Distribution
Percent of People with Each Score
Percentile by Number Answered
Your Score History
You have not taken this quiz